| 000 | 00432nam a2200157Ia 4500 | ||
|---|---|---|---|
| 003 | GCL | ||
| 008 | 140319s9999 xx 000 0 ara d | ||
| 040 |
_aGCL / _cGCL |
||
| 082 | 0 | 4 |
_a818.03 _bا ك |
| 100 | 1 | _aابراهيم نافع | |
| 245 | 1 | 0 |
_aكلام فى الحب والصبر / _cابراهيم نافع |
| 300 | _a314 ص | ||
| 490 | _a | ||
| 650 | 0 | 4 | _aالنثر العربى - العصر الحديث |
| 942 |
_2ddc _cBK |
||
| 999 |
_c37744 _d37744 |
||